000 00583nam a2200241Ia 4500
003 OSt
005 20221005120705.0
006 a|||||r|||| 00| 0
007 ta
008 221004b |||||||| |||| 00| 0 eng d
024 _a34734
037 _cTextual
040 _aCRL
_cCRL
_beng
041 _2eng
_aeng
082 _a/\2y7M63x, H7
100 _aVivekananda Swami
245 0 _aEssentials of Hinduism
250 _a4th
260 _c1947
650 _aSPIRITUALISM
942 _h/\2y7M63x, H7
_cTEXL
_2cc
999 _c1038816
_d1038816